| 000 | 01441nam a22003734a 4500 | ||
|---|---|---|---|
| 001 | ebr10001750 | ||
| 003 | CaPaEBR | ||
| 006 | m u | ||
| 007 | cr cn||||||||| | ||
| 008 | 001113s2001 nyua sb 001 0 eng | ||
| 010 | _z 00066252 | ||
| 020 | _z0471379581 (pbk.) | ||
| 040 |
_aCaPaEBR _cCaPaEBR |
||
| 035 | _a(OCoLC)613390407 | ||
| 050 | 1 | 4 |
_aRG491 _b.M58 2001eb |
| 082 | 0 | 4 |
_a618.1/9 _221 |
| 100 | 1 | _aMitchell, Deborah R. | |
| 245 | 1 | 0 |
_aBreast health the natural way _h[electronic resource] / _cDeborah Mitchell and Deborah Gordon. |
| 260 |
_aNew York : _bJohn Wiley, _cc2001. |
||
| 300 |
_avi, 282 p. : _bill. |
||
| 490 | 1 | _aThe women's natural health series | |
| 500 | _a"A Lynn Sonberg book." | ||
| 504 | _aIncludes bibliographical references (p. 256-271) and index. | ||
| 533 |
_aElectronic reproduction. _bPalo Alto, Calif. : _cebrary, _d2013. _nAvailable via World Wide Web. _nAccess may be limited to ebrary affiliated libraries. |
||
| 650 | 0 |
_aBreast _xCare and hygiene. |
|
| 650 | 0 | _aAlternative medicine. | |
| 650 | 0 |
_aWomen _xHealth and hygiene. |
|
| 650 | 0 |
_aBreast _xDiseases _xAlternative treatment. |
|
| 655 | 7 |
_aElectronic books. _2local |
|
| 700 | 1 |
_aGordon, Deborah _q(Deborah R.) |
|
| 710 | 2 | _aebrary, Inc. | |
| 830 | 0 | _aWomen's natural health series. | |
| 856 | 4 | 0 |
_uhttp://site.ebrary.com/lib/rucke/Doc?id=10001750 _zAn electronic book accessible through the World Wide Web; click to view |
| 999 |
_c19588 _d19588 |
||